Normal view
MARC view
- اختارها وشرحها وترجم لأصحابها بكر، السيد يعقوب
Entry Personal Name
001 - CONTROL NUMBER
- control field: 59412
003 - CONTROL NUMBER IDENTIFIER
- control field: JO-AjAnu
005 - DATE AND TIME OF LATEST TRANSACTION
- control field: 20230606083721.0
008 - FIXED-LENGTH DATA ELEMENTS
- fixed length control field: 230606|| aca||aabn | a|a d
040 ## - CATALOGING SOURCE
- Original cataloging agency: JO-AjAnu
- Transcribing agency: JO-AjAnu
100 ## - HEADING--PERSONAL NAME
- Personal name: اختارها وشرحها وترجم لأصحابها بكر، السيد يعقوب
670 ## - SOURCE DATA FOUND
- Source citation: Work cat.: (JO-AjAnu)30302: اختارها وشرحها وترجم لأصحابها بكر، السيد يعقوب, author, نصوص في النحو العربي من القرن السادس الى الثامن